| 000 | 00584 a2200157 4500 | ||
|---|---|---|---|
| 003 | Nust | ||
| 005 | 20221229104728.0 | ||
| 040 | _cNust | ||
| 082 | _a621.395,MOT | ||
| 245 |
_aHigh-Speed CMOS Data : _bLogic Integrated Circuits Division / |
||
| 260 |
_bMotorola _aUSA _c1993. |
||
| 300 | _avarious paging | ||
| 505 | _aAlphanumeric Index (Page-1-1), Function Selector Guide (Page-2-1), Definitions and Glossary of Terms (Page-3-1), Design Considerations (Page-4-1), Data Sheets (Page-5-1), Package Dimensions (Page-6-1). | ||
| 650 |
_aHigh-Speed CMOS Data _9106316 |
||
| 942 |
_2ddc _cBK |
||
| 999 |
_c189185 _d189185 |
||